| 000 | 00780nam a22002657a 4500 | ||
|---|---|---|---|
| 003 | dpl | ||
| 005 | 20180607115705.0 | ||
| 008 | 180607b xxu||||| |||| 00| 0 eng d | ||
| 010 | _aB-168219 | ||
| 020 |
_c445.00 _a8185578648 |
||
| 035 | _aB-168219, B-168220 | ||
| 037 | _bCen Lib/Ret | ||
| 040 |
_aDPL _bEN _c0 |
||
| 082 |
_a615.9 _bAVI |
||
| 100 |
_aAvinash Shankar _941958 |
||
| 245 |
_aHandbook of poisoning / _cby Avinash Shankar |
||
| 250 | _a2nd ed | ||
| 260 |
_aMumbai _bBhalani Publishing House _c2005 |
||
| 270 |
_bMumbai _a11, Mavawala building _e400012 |
||
| 300 |
_av,864p. _c21cm(Hb) |
||
| 500 | _aInclude appendix and index | ||
| 650 |
_aPoisoning _926187 |
||
| 650 |
_aDiagnosis and treatment _941959 |
||
| 942 |
_2ddc _cEN _h615.9 _mAVI |
||
| 999 |
_c134848 _d134848 |
||